000 00248nam a2200109Ia 4500
008 190216s9999||||xx |||||||||||||| ||und||
100 _aBasu C R
245 0 _aOrganisation And Management
260 _bS Chand & Co
650 _aCommerce
942 _cBK
999 _c5433
_d5433